[Event "Oberliga Ost-A 1819"]
[Site "Germany"]
[Date "2019.03.24"]
[Round "9.3"]
[White "Andre, Gordon"]
[Black "Klawa, Patrick"]
[Result "1-0"]
[WhiteElo "2308"]
[BlackElo "2178"]
[PlyCount "45"]
[EventDate "2018.10.21"]
[EventType "team-tourn"]
[EventRounds "11"]
[EventCountry "GER"]
[SourceTitle "EXT 2020"]
[Source "ChessBase"]
[SourceDate "2019.10.17"]
[SourceVersion "1"]
[SourceVersionDate "2019.10.17"]
[SourceQuality "1"]
[WhiteTeam "Magdeburg Aufbau Elbe"]
[BlackTeam "Coswig TuS"]
[WhiteTeamCountry "GER"]
[BlackTeamCountry "GER"]

1. d4 f5 2. Nc3 d5 3. Bg5 c6 4. e3 Qb6 5. Rb1 Nd7 6. Bd3 e6 7. Nh3 g6 8. Nf4 e5 9. Ne6 e4 10. Be2 Bd6 11. Bd8 Qxd8 12. Nxd8 Kxd8 13. b4 a5 14. b5 Bb4 15. Rb3 Ne7 16. 0-0 Bd6 17. Na4 Rg8 18. f3 Ke8 19. c4 exf3 20. gxf3 cxb5 21. Rxb5 Nf6 22. Nb6 Rb8 23. cxd5 1-0

[Event "Oberliga Ost-A 1819"]
[Site "Germany"]
[Date "2019.03.23"]
[Round "8.3"]
[White "Klawa, Patrick"]
[Black "Kuchynka, Lukas"]
[Result "0-1"]
[WhiteElo "2178"]
[BlackElo "2296"]
[PlyCount "98"]
[EventDate "2018.10.21"]
[EventType "team-tourn"]
[EventRounds "11"]
[EventCountry "GER"]
[SourceTitle "EXT 2020"]
[Source "ChessBase"]
[SourceDate "2019.10.17"]
[SourceVersion "1"]
[SourceVersionDate "2019.10.17"]
[SourceQuality "1"]
[WhiteTeam "Coswig TuS"]
[BlackTeam "Magdeburg Rochade"]
[WhiteTeamCountry "GER"]
[BlackTeamCountry "GER"]

1. e4 c5 2. Nf3 b6 3. Bc4 e6 4. 0-0 Bb7 5. Re1 Nf6 6. Nc3 d6 7. d4 cxd4 8. Nxd4 Qc8 9. Bb3 a6 10. f4 h5 11. h3 Nc6 12. Be3 Na5 13. Bf2 Be7 14. e5 dxe5 15. fxe5 Nd7 16. Qd3 Nc5 17. Qg3 Rh6 18. Nf3 Rg6 19. Qf4 Qc6 20. Kf1 Naxb3 21. axb3 a5 22. b4 axb4 23. Rxa8+ Bxa8 24. Ne2 Ne4 25. Ned4 Qc4+ 26. Re2 Nxf2 27. Kxf2 Bc5 28. Rd2 Bd5 29. Ke1 Bxd4 30. Rxd4 Qxc2 31. Nh4 Qxb2 32. Nxg6 Qb1+ 33. Rd1 Qxg6 34. Qxb4 Qg3+ 35. Kd2 Qxg2+ 36. Kc3 Qg3+ 37. Kc2 Qf2+ 38. Kb1 Qa2+ 39. Kc1 Qa1+ 40. Kd2 Qxe5 41. Rc1 Qh2+ 42. Ke1 Qg1+ 43. Kd2 Qg5+ 44. Kc2 Qg2+ 45. Kc3 Qxh3+ 46. Kb2 Qh2+ 47. Rc2 Qe5+ 48. Kc1 Qa1+ 49. Kd2 Qa5 0-1

[Event "Oberliga Ost-A 1819"]
[Site "Germany"]
[Date "2018.12.16"]
[Round "5.5"]
[White "Klawa, Patrick"]
[Black "Collini, Carsten"]
[Result "1/2-1/2"]
[WhiteElo "2178"]
[BlackElo "2146"]
[PlyCount "107"]
[EventDate "2018.10.21"]
[EventType "team-tourn"]
[EventRounds "11"]
[EventCountry "GER"]
[SourceTitle "EXT 2020"]
[Source "ChessBase"]
[SourceDate "2019.10.17"]
[SourceVersion "1"]
[SourceVersionDate "2019.10.17"]
[SourceQuality "1"]
[WhiteTeam "Coswig TuS"]
[BlackTeam "Leipzig VfB"]
[WhiteTeamCountry "GER"]
[BlackTeamCountry "GER"]

1. e4 e5 2. Nf3 Nc6 3. d4 exd4 4. Bc4 Nf6 5. e5 d5 6. Bb5 Ne4 7. Nxd4 Bd7 8. Bxc6 bxc6 9. 0-0 Bc5 10. f3 Ng5 11. Be3 0-0 12. f4 Ne4 13. Qe1 Qe7 14. Nb3 Bxe3+ 15. Qxe3 f6 16. exf6 Qxf6 17. c3 Qd6 18. N1d2 Nxd2 19. Qxd2 Rae8 20. Qd4 Re2 21. Rf2 Rxf2 22. Qxf2 Rxf4 23. Qxa7 h6 24. Qe3 Re4 25. Qg3 Qe7 26. h3 Re2 27. Nd4 Rxb2 28. Re1 Qg5 29. Qxg5 hxg5 30. Re7 c5 31. Nf3 g4 32. hxg4 Bxg4 33. Ng5 Kf8 34. Rxc7 d4 35. cxd4 cxd4 36. Rc4 d3 37. Ne4 Be2 38. Kf2 Rxa2 39. Ke3 Bf1 40. g3 Re2+ 41. Kf4 Bg2 42. Nc5 d2 43. Rd4 Bc6 44. Kf5 Rf2+ 45. Ke6 Kg8 46. Nb3 Rf3 47. Nxd2 Rxg3 48. Nc4 Rg6+ 49. Kf5 Rf6+ 50. Kg5 Kf8 51. Rd6 Ke7 52. Rxf6 gxf6+ 53. Kf4 Ke6 54. Ne3 1/2-1/2

[Event "Oberliga Ost-A 1718"]
[Site "Germany"]
[Date "2018.03.18"]
[Round "9.6"]
[White "Klawa, Patrick"]
[Black "Schulte, Felix"]
[Result "1-0"]
[WhiteElo "2163"]
[BlackElo "1967"]
[PlyCount "107"]
[EventDate "2017.10.22"]
[EventType "team-tourn"]
[EventRounds "11"]
[EventCountry "GER"]
[SourceTitle "EXT 2019"]
[Source "ChessBase"]
[SourceDate "2018.10.10"]
[SourceVersion "1"]
[SourceVersionDate "2018.10.10"]
[SourceQuality "1"]
[WhiteTeam "Coswig TuS"]
[BlackTeam "Halle USV"]
[WhiteTeamCountry "GER"]
[BlackTeamCountry "GER"]

1. e4 c5 2. Ne2 Nc6 3. Nbc3 g6 4. g3 Bg7 5. Bg2 e6 6. d3 Rb8 7. a4 a6 8. h4 b5 9. axb5 axb5 10. Bg5 Qc7 11. Qd2 Nd4 12. 0-0 d6 13. Nc1 b4 14. Nd1 Ne7 15. c3 Ndc6 16. Bh6 0-0 17. Bxg7 Kxg7 18. d4 Bb7 19. Ne3 f5 20. Ne2 e5 21. d5 Na5 22. f4 Nb3 23. Qc2 Nxa1 24. Rxa1 bxc3 25. Qxc3 Rf6 26. fxe5 dxe5 27. Nc4 Nc8 28. Nxe5 Nd6 29. Nc6 Nxe4 30. Bxe4 Bxc6 31. Bg2 Bd7 32. Nf4 Qb6 33. Re1 Kf7 34. Ne6 Bxe6 35. dxe6+ Ke7 36. Bd5 Rd8 37. Bc4 Qb4 38. Qe5 Rd6 39. b3 Qd2 40. Kh1 f4 41. Ra1 Qb4 42. Ra7+ Ke8 43. Qe2 Qb6 44. Bb5+ Rc6 45. Ra6 Qxa6 46. Bxa6 Rfxe6 47. Qb5 Ke7 48. Qb7+ Kf6 49. Bc4 Rb6 50. Qf3 Re7 51. g4 g5 52. Qc3+ Kg6 53. Bd3+ Kf7 54. Qxc5 1-0

[Event "Oberliga Ost-A 1617"]
[Site "Germany"]
[Date "2017.05.06"]
[Round "10.5"]
[White "Fritsch, Andreas"]
[Black "Klawa, Patrick"]
[Result "1-0"]
[WhiteElo "2066"]
[BlackElo "2187"]
[PlyCount "65"]
[EventDate "2016.10.16"]
[EventType "team-tourn"]
[EventRounds "11"]
[EventCountry "GER"]
[SourceTitle "EXT 2018"]
[Source "ChessBase"]
[SourceDate "2017.10.13"]
[SourceVersion "1"]
[SourceVersionDate "2017.10.13"]
[SourceQuality "1"]
[WhiteTeam "Naumburg"]
[BlackTeam "Coswig TuS"]
[WhiteTeamCountry "GER"]
[BlackTeamCountry "GER"]

1. Nc3 g6 2. h4 Nf6 3. e4 d6 4. d4 Bg7 5. Be2 h5 6. Nh3 c5 7. dxc5 Qa5 8. Qd3 Nc6 9. Qb5 Nxe4 10. Qxa5 Bxc3+ 11. Qxc3 Nxc3 12. bxc3 dxc5 13. Be3 b6 14. Ng5 f6 15. Bf3 Bd7 16. Ne6 Rc8 17. Nf4 Kf7 18. 0-0-0 Ne5 19. Be2 Bc6 20. f3 Bd7 21. Nh3 Be6 22. Kb2 Rc6 23. Bf4 Nc4+ 24. Bxc4 Bxc4 25. Rd7 a6 26. Re1 Be6 27. Ra7 b5 28. Bc1 Re8 29. Nf4 Bc4 30. g4 hxg4 31. fxg4 f5 32. gxf5 gxf5 33. Nd3 1-0

[Event "Oberliga Ost-A 1617"]
[Site "Germany"]
[Date "2016.11.19"]
[Round "2.5"]
[White "Niegsch, Nicolas"]
[Black "Klawa, Patrick"]
[Result "1-0"]
[WhiteElo "2191"]
[BlackElo "2187"]
[PlyCount "89"]
[EventDate "2016.10.16"]
[EventType "team-tourn"]
[EventRounds "11"]
[EventCountry "GER"]
[SourceTitle "EXT 2018"]
[Source "ChessBase"]
[SourceDate "2017.10.13"]
[SourceVersion "1"]
[SourceVersionDate "2017.10.13"]
[SourceQuality "1"]
[WhiteTeam "Loeberitz"]
[BlackTeam "Coswig TuS"]
[WhiteTeamCountry "GER"]
[BlackTeamCountry "GER"]

1. e4 e5 2. Nf3 d6 3. d4 exd4 4. Nxd4 Nf6 5. Nc3 Be7 6. g3 Bg4 7. f3 Bd7 8. Be3 Nc6 9. Bg2 a6 10. 0-0 0-0 11. Nde2 Re8 12. Qd2 Bf8 13. Rad1 h6 14. g4 Nh7 15. Ng3 Be6 16. Nf5 Qf6 17. f4 Qd8 18. h3 Qd7 19. Ng3 Rad8 20. b3 f6 21. Nd5 Bf7 22. c4 Ne7 23. Qf2 Nxd5 24. cxd5 c5 25. a4 b5 26. axb5 axb5 27. Ra1 Ra8 28. Rxa8 Rxa8 29. Qb2 Be7 30. e5 fxe5 31. fxe5 Bg6 32. Nf5 Bxf5 33. gxf5 Re8 34. f6 gxf6 35. e6 Qd8 36. Rf5 Bf8 37. Bf3 Re7 38. Bh5 Rg7+ 39. Kh2 Ng5 40. Rxf6 Be7 41. Rxh6 Qa5 42. Bxg5 Bxg5 43. Bf7+ Kf8 44. Rh8+ Ke7 45. Re8# 1-0

[Event "Oberliga Ost-A 1617"]
[Site "Germany"]
[Date "2016.10.16"]
[Round "1.4"]
[White "Klawa, Patrick"]
[Black "Gehmlich, Marcel"]
[Result "0-1"]
[WhiteElo "2187"]
[BlackElo "2194"]
[PlyCount "116"]
[EventDate "2016.10.16"]
[EventType "team-tourn"]
[EventRounds "11"]
[EventCountry "GER"]
[SourceTitle "EXT 2018"]
[Source "ChessBase"]
[SourceDate "2017.10.13"]
[SourceVersion "1"]
[SourceVersionDate "2017.10.13"]
[SourceQuality "1"]
[WhiteTeam "Coswig TuS"]
[BlackTeam "Dresden Gruen Weiss"]
[WhiteTeamCountry "GER"]
[BlackTeamCountry "GER"]

1. e4 c5 2. Nf3 e6 3. d3 Nc6 4. g3 d5 5. Nbd2 Nf6 6. Bg2 Be7 7. 0-0 0-0 8. e5 Nd7 9. Re1 b5 10. a3 a5 11. h4 b4 12. Nf1 bxa3 13. bxa3 f6 14. Ne3 Ndxe5 15. c4 Nxf3+ 16. Bxf3 Nd4 17. Bg2 Rb8 18. cxd5 e5 19. Nc4 Bb7 20. Rb1 Qd7 21. Nb6 Qd6 22. Bd2 Ba6 23. Nc4 Bxc4 24. dxc4 Rxb1 25. Qxb1 Rb8 26. Qe4 a4 27. Bc1 Qa6 28. f4 Bd6 29. fxe5 Bxe5 30. Bf4 Re8 31. Qd3 Qd6 32. h5 Re7 33. Re4 Bxf4 34. gxf4 Rxe4 35. Qxe4 Kf7 36. Kf2 g6 37. hxg6+ hxg6 38. Bf1 Qb6 39. Ke1 f5 40. Qd3 Qb2 41. Be2 Qc1+ 42. Bd1 Qxf4 43. Bxa4 Nf3+ 44. Kd1 Ne5 45. Qe2 Qd4+ 46. Ke1 f4 47. Bc2 f3 48. Qe4 Qg1+ 49. Kd2 Qh2+ 50. Ke1 Qg1+ 51. Kd2 f2 52. Bd3 Qe1+ 53. Qxe1 fxe1Q+ 54. Kxe1 Nxd3+ 55. Kd2 Ne5 56. Kc3 Ke7 57. a4 Kd6 58. a5 Kc7 0-1

[Event "Oberliga Ost-A 1415"]
[Site "Germany"]
[Date "2015.01.17"]
[Round "6.4"]
[White "Hutsch, Oliver"]
[Black "Klawa, Patrick"]
[Result "1-0"]
[WhiteElo "2191"]
[BlackElo "2204"]
[PlyCount "69"]
[EventDate "2014.09.21"]
[EventType "team-tourn"]
[EventRounds "11"]
[EventCountry "GER"]
[SourceTitle "EXT 2016"]
[Source "ChessBase"]
[SourceDate "2015.10.08"]
[SourceVersion "1"]
[SourceVersionDate "2015.10.08"]
[SourceQuality "1"]
[WhiteTeam "Dresden Gruen Weiss"]
[BlackTeam "Coswig"]
[WhiteTeamCountry "GER"]
[BlackTeamCountry "GER"]

1. d4 f5 2. c4 Nf6 3. Nc3 g6 4. g3 Bg7 5. Bg2 0-0 6. Nh3 d6 7. 0-0 Nc6 8. f4 a6 9. Rb1 Bd7 10. b4 Qc8 11. d5 Nd8 12. Bb2 c5 13. dxc6 bxc6 14. c5 d5 15. Na4 Ra7 16. Nb6 Qb7 17. Bxf6 exf6 18. Nxd5 Be6 19. Nb6 Bxa2 20. Rb2 Bf7 21. Rd2 Qc7 22. Rd7 Qb8 23. Rd6 Re8 24. Qd2 Rae7 25. Bf3 Nb7 26. Nd7 Qc7 27. Nxf6+ Bxf6 28. Rxf6 Rd8 29. Qb2 Bd5 30. Ng5 Qd7 31. Rd1 Qe8 32. Rxd5 Rxd5 33. Bxd5+ cxd5 34. Kf2 Qb5 35. Rf8+ 1-0

[Event "Oberliga Ost-A 1314"]
[Site "Germany"]
[Date "2014.04.05"]
[Round "10.3"]
[White "Klawa, Patrick"]
[Black "Rausch, Stephan"]
[Result "1-0"]
[WhiteElo "2206"]
[BlackElo "2294"]
[PlyCount "57"]
[EventDate "2013.10.13"]
[EventType "team-tourn"]
[EventRounds "11"]
[EventCountry "GER"]
[SourceTitle "EXT 2015"]
[Source "ChessBase"]
[SourceDate "2014.11.20"]
[SourceVersion "1"]
[SourceVersionDate "2014.11.20"]
[SourceQuality "1"]
[WhiteTeam "Coswig"]
[BlackTeam "Leipzig SG II"]
[WhiteTeamCountry "GER"]
[BlackTeamCountry "GER"]

1. e4 e6 2. d3 d5 3. Nd2 Nf6 4. Ngf3 Nc6 5. g3 dxe4 6. dxe4 e5 7. Bb5 Bd6 8. Qe2 Bd7 9. h3 a6 10. Ba4 0-0 11. g4 Nd4 12. Nxd4 exd4 13. Bb3 Bf4 14. 0-0 h5 15. g5 Bxg5 16. f4 Bh6 17. e5 Bb5 18. Nc4 Nd5 19. Qxh5 Nb6 20. Nxb6 Bxf1 21. Nxa8 Bb5 22. Bd2 c5 23. a4 Bd7 24. Kh2 Be6 25. Rg1 Kh7 26. f5 Bxf5 27. Rxg7+ Kxg7 28. Qxh6+ Kg8 29. Bg5 1-0

[Event "Oberliga Ost-A 1213"]
[Site "Germany"]
[Date "2013.02.24"]
[Round "8.3"]
[White "Klawa, Patrick"]
[Black "Kyas, Juergen"]
[Result "1/2-1/2"]
[WhiteElo "2193"]
[BlackElo "2202"]
[PlyCount "32"]
[EventDate "2012.10.14"]
[EventType "team-tourn"]
[EventRounds "11"]
[EventCountry "GER"]
[SourceTitle "EXT 2014"]
[Source "ChessBase"]
[SourceDate "2013.11.20"]
[SourceVersion "1"]
[SourceVersionDate "2013.11.20"]
[SourceQuality "1"]
[WhiteTeam "Coswig"]
[BlackTeam "Chemnitz"]
[WhiteTeamCountry "GER"]
[BlackTeamCountry "GER"]

1. e4 c5 2. Nf3 g6 3. g3 Bg7 4. Bg2 Nc6 5. 0-0 d6 6. c3 e5 7. Na3 Nge7 8. Nc2 0-0 9. Qe2 h6 10. Rd1 d5 11. exd5 Nxd5 12. d4 exd4 13. cxd4 cxd4 14. Nfxd4 Nxd4 15. Nxd4 Re8 16. Qf1 Bg4 1/2-1/2

[Event "Oberliga Ost-A 1213"]
[Site "Germany"]
[Date "2012.12.09"]
[Round "4.3"]
[White "Klawa, Patrick"]
[Black "Melamed, Tatiana"]
[Result "0-1"]
[WhiteElo "2193"]
[BlackElo "2341"]
[PlyCount "84"]
[EventDate "2012.10.14"]
[EventType "team-tourn"]
[EventRounds "11"]
[EventCountry "GER"]
[SourceTitle "EXT 2014"]
[Source "ChessBase"]
[SourceDate "2013.11.20"]
[SourceVersion "1"]
[SourceVersionDate "2013.11.20"]
[SourceQuality "1"]
[WhiteTeam "Coswig"]
[BlackTeam "Magdeburg Aufbau Elbe"]
[WhiteTeamCountry "GER"]
[BlackTeamCountry "GER"]

1. e4 c5 2. d3 Nc6 3. g3 g6 4. Bg2 Bg7 5. Ne2 e6 6. Nbc3 Nge7 7. 0-0 0-0 8. Bg5 h6 9. Be3 Nd4 10. Qd2 Kh7 11. Nd1 d5 12. f4 Bd7 13. Nc1 Ba4 14. b3 Bc6 15. e5 b6 16. c3 Nb5 17. d4 cxd4 18. cxd4 a5 19. a4 Nc7 20. Nd3 Qd7 21. g4 Bb7 22. Rf3 Rac8 23. Nc3 Ba6 24. Raf1 Ne8 25. f5 exf5 26. gxf5 gxf5 27. Bh3 Qc6 28. Rc1 Bxd3 29. Qxd3 Qg6+ 30. Rg3 Qh5 31. Rf1 Kh8 32. Bxf5 Nxf5 33. Rxf5 Rxc3 34. Qf1 Qh4 35. Rf4 Qe7 36. Rfg4 f5 37. Rg6 f4 38. Bxf4 Qf7 39. R6g4 Rxg3+ 40. hxg3 Nc7 41. Qg2 Ne6 42. Qxd5 Rd8 0-1

[Event "Oberliga Ost-A 1112"]
[Site "Germany"]
[Date "2012.01.15"]
[Round "7.2"]
[White "Feige, Manuel"]
[Black "Klawa, Patrick"]
[Result "1-0"]
[WhiteElo "2402"]
[BlackElo "2225"]
[PlyCount "71"]
[EventDate "2011.09.25"]
[EventType "team-tourn"]
[EventRounds "11"]
[EventCountry "GER"]
[SourceTitle "EXT 2013"]
[Source "ChessBase"]
[SourceDate "2012.11.22"]
[SourceVersion "1"]
[SourceVersionDate "2012.11.22"]
[SourceQuality "1"]
[WhiteTeam "Chemnitz"]
[BlackTeam "Coswig"]
[WhiteTeamCountry "GER"]
[BlackTeamCountry "GER"]

1. d4 f5 2. g3 Nf6 3. Bg2 g6 4. Nf3 Bg7 5. 0-0 0-0 6. c4 d6 7. Nc3 c6 8. b3 Na6 9. Bb2 Nc7 10. a4 Rb8 11. Re1 Bd7 12. e4 fxe4 13. Nxe4 Nxe4 14. Rxe4 Bf6 15. Qd2 b6 16. h4 a6 17. Ree1 b5 18. axb5 axb5 19. Bc3 Qc8 20. Ng5 bxc4 21. bxc4 Rb3 22. Rac1 Qb7 23. h5 d5 24. hxg6 hxg6 25. cxd5 cxd5 26. Nf3 Rc8 27. Ne5 Be8 28. Ba5 Rb5 29. Bh3 e6 30. Bxc7 Rxc7 31. Bxe6+ Kh7 32. Ng4 Bg7 33. Rxc7 Qxc7 34. Kg2 Bf7 35. Rh1+ Kg8 36. Nh6+ 1-0

[Event "Oberliga Ost-A 1112"]
[Site "Germany"]
[Date "2011.12.11"]
[Round "5.3"]
[White "Klawa, Patrick"]
[Black "Richter, Dustin"]
[Result "1-0"]
[WhiteElo "2225"]
[BlackElo "2102"]
[PlyCount "109"]
[EventDate "2011.09.25"]
[EventType "team-tourn"]
[EventRounds "11"]
[EventCountry "GER"]
[SourceTitle "EXT 2013"]
[Source "ChessBase"]
[SourceDate "2012.11.22"]
[SourceVersion "1"]
[SourceVersionDate "2012.11.22"]
[SourceQuality "1"]
[WhiteTeam "Coswig"]
[BlackTeam "Sangerhausen"]
[WhiteTeamCountry "GER"]
[BlackTeamCountry "GER"]

1. e4 e5 2. Nf3 d6 3. d4 exd4 4. Nxd4 Nf6 5. Nc3 Be7 6. g3 d5 7. e5 Ng4 8. Qe2 0-0 9. Bg2 Bc5 10. e6 Nf6 11. Nb3 Bb4 12. exf7+ Rxf7 13. 0-0 c6 14. Bf4 Bg4 15. f3 Bc8 16. a3 Bd6 17. Bxd6 Qxd6 18. Rfe1 Nbd7 19. Rad1 Qc7 20. Kh1 Nf8 21. Nc5 Bf5 22. Qd2 Re7 23. Re2 Rae8 24. Rde1 b6 25. Nd3 Ng6 26. Rxe7 Rxe7 27. Rxe7 Qxe7 28. Kg1 Kf7 29. Kf1 Ne5 30. Nxe5+ Qxe5 31. Nd1 Be6 32. Qe2 Qd6 33. Nf2 Bf5 34. Nd3 Bxd3 35. Qxd3 Qe5 36. c3 Qd6 37. Kf2 g6 38. Qe3 c5 39. Bf1 Qd7 40. Qf4 Kg7 41. Qe5 Qe8 42. Qc7+ Qf7 43. Qe5 Kf8 44. Bh3 Qe7 45. Be6 d4 46. cxd4 cxd4 47. Ke2 b5 48. g4 h6 49. h4 g5 50. hxg5 hxg5 51. f4 d3+ 52. Kd2 Qg7 53. Kxd3 gxf4 54. g5 Ne8 55. Qxg7+ 1-0

[Event "Oberliga Ost-A 1011"]
[Site "Germany"]
[Date "2011.04.09"]
[Round "10.1"]
[White "Malich, Burkhard"]
[Black "Klawa, Patrick"]
[Result "1-0"]
[WhiteElo "2357"]
[BlackElo "2257"]
[PlyCount "93"]
[EventDate "2010.10.24"]
[EventType "team-tourn"]
[EventRounds "11"]
[EventCountry "GER"]
[SourceTitle "EXT 2012"]
[Source "ChessBase"]
[SourceDate "2011.11.24"]
[SourceVersion "1"]
[SourceVersionDate "2011.11.24"]
[SourceQuality "1"]
[WhiteTeam "Halle USV II"]
[BlackTeam "Coswig"]
[WhiteTeamCountry "GER"]
[BlackTeamCountry "GER"]

1. d4 f5 2. Nf3 Nf6 3. g3 g6 4. Bg2 Bg7 5. 0-0 0-0 6. d5 Na6 7. c4 Ne4 8. Nbd2 Nd6 9. Rb1 e5 10. b4 Qe7 11. Qb3 b6 12. Ba3 Rb8 13. Ne1 Bb7 14. Nc2 Nf7 15. e4 d6 16. Qd3 Rbe8 17. f3 Bc8 18. Qc3 Ng5 19. Rbe1 h5 20. exf5 gxf5 21. f4 Nf7 22. Bb2 Nh8 23. fxe5 dxe5 24. Nf3 Ng6 25. Qd2 f4 26. Nfd4 Qg5 27. Ne6 Bxe6 28. dxe6 h4 29. Bd5 Ne7 30. Qg2 hxg3 31. hxg3 c6 32. gxf4 Qxg2+ 33. Bxg2 exf4 34. Bxg7 Kxg7 35. a3 Rd8 36. Re4 Nc7 37. Nd4 c5 38. bxc5 bxc5 39. Ne2 Ne8 40. Nxf4 Nd6 41. Re5 Rf5 42. Rxf5 Ndxf5 43. Nd5 Rf8 44. Rb1 Nxd5 45. Bxd5 Nd6 46. Re1 Kf6 47. e7 1-0

[Event "Oberliga Ost-A 1011"]
[Site "Germany"]
[Date "2011.02.27"]
[Round "8.1"]
[White "Klawa, Patrick"]
[Black "Stolz, Mike"]
[Result "1-0"]
[WhiteElo "2257"]
[BlackElo "2384"]
[PlyCount "97"]
[EventDate "2010.10.24"]
[EventType "team-tourn"]
[EventRounds "11"]
[EventCountry "GER"]
[SourceTitle "EXT 2012"]
[Source "ChessBase"]
[SourceDate "2011.11.24"]
[SourceVersion "1"]
[SourceVersionDate "2011.11.24"]
[SourceQuality "1"]
[WhiteTeam "Coswig"]
[BlackTeam "Magdeburg Rochade"]
[WhiteTeamCountry "GER"]
[BlackTeamCountry "GER"]

1. e4 c5 2. Nf3 Nc6 3. d3 e6 4. Nbd2 d5 5. g3 Bd6 6. Bg2 Nge7 7. 0-0 0-0 8. Re1 Bc7 9. Qe2 b6 10. a3 Ba6 11. Nf1 Rc8 12. Bg5 Qd7 13. Rad1 f6 14. Bc1 e5 15. exd5 Nxd5 16. Qe4 Nde7 17. Qa4 Bb7 18. b4 Bd6 19. c3 Rc7 20. Qb3+ Kh8 21. Ne3 cxb4 22. axb4 b5 23. d4 Qc8 24. d5 Nd8 25. Bb2 Nf7 26. Nd2 Qb8 27. c4 bxc4 28. Ndxc4 Ba8 29. Ba3 Rfc8 30. Bh3 Rd8 31. Be6 Ng5 32. Nxd6 Nf3+ 33. Kf1 Rxd6 34. b5 Nxh2+ 35. Kg2 Rxe6 36. Kxh2 Qe8 37. Qa4 g5 38. Qg4 f5 39. Nxf5 Nxd5 40. Qxg5 Rg6 41. Qh4 Rc2 42. Kg1 Qb8 43. Ne3 Ra2 44. Nxd5 Rxa3 45. Ne3 Rd6 46. Qe7 Rdd3 47. Nf5 Rxg3+ 48. fxg3 Qb6+ 49. Re3 1-0

[Event "Oberliga Ost-A 1011"]
[Site "Germany"]
[Date "2010.10.24"]
[Round "1.1"]
[White "Andre, Gordon"]
[Black "Klawa, Patrick"]
[Result "1-0"]
[WhiteElo "2340"]
[BlackElo "2257"]
[PlyCount "87"]
[EventDate "2010.10.24"]
[EventType "team-tourn"]
[EventRounds "11"]
[EventCountry "GER"]
[SourceTitle "EXT 2012"]
[Source "ChessBase"]
[SourceDate "2011.11.24"]
[SourceVersion "1"]
[SourceVersionDate "2011.11.24"]
[SourceQuality "1"]
[WhiteTeam "Magdeburg Aufbau Elbe"]
[BlackTeam "Coswig"]
[WhiteTeamCountry "GER"]
[BlackTeamCountry "GER"]

1. d4 f5 2. Qd3 d5 3. Bf4 Nf6 4. Nf3 e6 5. c4 c6 6. e3 g6 7. Nbd2 Bg7 8. Qa3 Nbd7 9. Be2 Ne4 10. 0-0 Bf8 11. Qa4 Qe7 12. Nxe4 fxe4 13. Ne5 Nxe5 14. Bxe5 Bg7 15. Bxg7 Qxg7 16. f3 exf3 17. Rxf3 Rf8 18. Raf1 Rxf3 19. Rxf3 Bd7 20. Bd3 a6 21. Qa5 dxc4 22. Bxc4 b5 23. Bb3 c5 24. dxc5 Qe5 25. Qb4 Bc6 26. Qf4 Qxf4 27. Rxf4 Ke7 28. Rd4 a5 29. Bxe6 Kxe6 30. Rd6+ Ke5 31. Rxc6 Rd8 32. Rd6 Rc8 33. Ra6 Rxc5 34. Rxa5 Ke4 35. h3 Kxe3 36. Kh2 Rg5 37. a4 Kf2 38. g4 Rc5 39. Rxb5 Rc2 40. Rb3 Rc1 41. a5 Ra1 42. Ra3 Rb1 43. a6 Rxb2 44. a7 1-0

[Event "Oberliga Ost-A 0809"]
[Site "Germany"]
[Date "2009.03.29"]
[Round "11.2"]
[White "Klawa, Patrick"]
[Black "Stolz, Mike"]
[Result "1/2-1/2"]
[WhiteElo "2271"]
[BlackElo "2360"]
[PlyCount "97"]
[EventDate "2008.10.12"]
[EventType "team-tourn"]
[EventRounds "11"]
[EventCountry "GER"]
[SourceTitle "EXT 2010"]
[Source "ChessBase"]
[SourceDate "2010.11.25"]
[SourceVersion "1"]
[SourceVersionDate "2010.11.25"]
[SourceQuality "1"]
[WhiteTeam "Coswig"]
[BlackTeam "Magdeburg Rochade"]
[WhiteTeamCountry "GER"]
[BlackTeamCountry "GER"]

1. e4 c5 2. Nf3 Nc6 3. d4 cxd4 4. Nxd4 g6 5. Be2 Bg7 6. Be3 Nf6 7. Nc3 0-0 8. Qd2 d6 9. f3 d5 10. Nxc6 bxc6 11. e5 Nd7 12. f4 e6 13. Na4 f6 14. exf6 Qxf6 15. c3 Bb7 16. 0-0 Qe7 17. Rae1 a5 18. Bd4 c5 19. Bxg7 Kxg7 20. Bb5 Nf6 21. Qe3 Ne4 22. Bd3 Rac8 23. Bxe4 dxe4 24. c4 Rfd8 25. Rd1 Rd6 26. Qc3+ Kf7 27. Qe5 Rd3 28. Rxd3 exd3 29. Rd1 Qd7 30. Nxc5 Qc6 31. Nxb7 Qxb7 32. Qd4 Qc7 33. Rxd3 Qxc4 34. Qxc4 Rxc4 35. Rc3 Rxf4 36. Rf3 e5 37. Rxf4+ exf4 38. Kf2 Ke6 39. b3 g5 40. a3 g4 41. Ke2 Kd5 42. Kd3 h5 43. b4 axb4 44. axb4 h4 45. Ke2 Kc4 46. h3 gxh3 47. gxh3 Kxb4 48. Kf3 Kc4 49. Kxf4 1/2-1/2

[Event "Oberliga Ost-A 0809"]
[Site "Germany"]
[Date "2008.12.14"]
[Round "4.2"]
[White "Klawa, Patrick"]
[Black "Becker, Michael"]
[Result "1-0"]
[WhiteElo "2271"]
[BlackElo "2308"]
[PlyCount "109"]
[EventDate "2008.10.12"]
[EventType "team-tourn"]
[EventRounds "11"]
[EventCountry "GER"]
[SourceTitle "EXT 2010"]
[Source "ChessBase"]
[SourceDate "2010.11.25"]
[SourceVersion "1"]
[SourceVersionDate "2010.11.25"]
[SourceQuality "1"]
[WhiteTeam "Coswig"]
[BlackTeam "Halle USV"]
[WhiteTeamCountry "GER"]
[BlackTeamCountry "GER"]

1. e4 c5 2. Nf3 Nc6 3. Bb5 g6 4. 0-0 Bg7 5. Re1 Nf6 6. c3 0-0 7. h3 a6 8. Bf1 e5 9. d4 d6 10. a4 Qc7 11. Na3 exd4 12. cxd4 Re8 13. e5 dxe5 14. dxc5 e4 15. Nd2 Bf5 16. Nac4 Rad8 17. Nd6 Re5 18. Nb3 Be6 19. Bf4 Rd5 20. Qc1 Nh5 21. Bh2 Be5 22. Bxe5 Rxe5 23. Qc3 Bxb3 24. Qxb3 Rxc5 25. Nxb7 Nd4 26. Qb4 Rg5 27. Ra3 Rd7 28. Rxe4 Ne6 29. Rb3 Nhf4 30. Qc4 Nxg2 31. Qxc7 Ngf4+ 32. Rg3 Rxc7 33. Rxg5 Nxg5 34. Rxf4 Rxb7 35. b4 Rb6 36. Bg2 Kg7 37. Rc4 f5 38. Kh2 Kf6 39. a5 Re6 40. Bb7 Ne4 41. Rc2 Re5 42. Bxa6 Kg5 43. Bb7 Nd6 44. Bc6 Nc8 45. Kg3 Kf6 46. Bf3 Na7 47. Rc7 Nb5 48. Rxh7 Nd4 49. a6 f4+ 50. Kg2 Nc2 51. a7 Ne1+ 52. Kf1 Nxf3 53. a8Q Nd2+ 54. Kg2 f3+ 55. Kh2 1-0